Public Administration for Civil Services Main Examination: Optional Subject Paper II/ (Record no. 176580)

MARC details
000 -LEADER
fixed length control field 00733nam a22001817a 4500
005 - DATE AND TIME OF LATEST TRANSACTION
control field 20210111121212.0
010 ## - LCCN (DPL NO)
LC control number ENG-128742
020 ## - INTERNATIONAL STANDARD BOOK NUMBER
International Standard Book Number 978-93-534-3660-5
Terms of availability 595.00
035 ## - SYSTEM CONTROL NUMBER
System control number EN-112274
037 ## - SOURCE OF ACQUISITION
Source of stock number/acquisition DBAD/PUB
082 ## - DEWEY DECIMAL CLASSIFICATION NUMBER
Classification number 350
100 ## - MAIN ENTRY--PERSONAL NAME
Personal name Mahajan, Anupama Puri
245 ## - TITLE STATEMENT
Title Public Administration for Civil Services Main Examination: Optional Subject Paper II/
Remainder of title Anupama Puri Mahajan
260 ## - PUBLICATION, DISTRIBUTION, ETC. (IMPRINT)
Place of publication, distribution, etc Uttar Pradesh
Name of publisher, distributor, etc Pearson India Education Services Pvt. Ltd.
Date of publication, distribution, etc 2020
270 ## - ADDRESS
City Uttar Pradesh
Postal code 201301
Address 15th Floor, Tower-B, World Trade Tower, Plot No.- 1, Block-C, Sector-16, Noida
Electronic mail address companysecretary.india@pearson.com
Telephone number 044-66540100
300 ## - PHYSICAL DESCRIPTION
Extent Various Pages.
Dimensions 25cm(pbk)
942 ## - ADDED ENTRY ELEMENTS (KOHA)
Source of classification or shelving scheme Dewey Decimal Classification
Item type English Books
Classification part 350
Call number suffix MAH
Holdings
Withdrawn status Lost status Not for loan Collection code Home library Current library Date acquired Source of acquisition Cost, normal purchase price Full call number Barcode Copy number Cost, replacement price Koha item type
      Non-fiction Central Library Central Library 11/01/2021 DBNAD/PUB 595.00 350 MAH EN-112274 1 595.00 English Books

© Delhi Public Library
Hit Counter
free hit counter